| 000 | 00582nam a2200205 4500 | ||
|---|---|---|---|
| 001 | 113574 | ||
| 003 | ES-MaACL | ||
| 005 | 20230906185938.0 | ||
| 007 | t| | ||
| 008 | 061121s1978 sp r ||||1| spa d | ||
| 100 | 1 |
_aPalao, Paloma. _988473 |
|
| 245 | 1 | 0 |
_aResurrección de la memoria / _cPaloma Palao. |
| 250 | _a1ª ed. | ||
| 260 |
_aBarcelona : _bAnthropos, _c1978. |
||
| 300 |
_a86 p., 1 h. de lám. : _bil. ; _c19 cm. |
||
| 490 | 1 |
_aAmbito literario ; _v43 |
|
| 830 | 0 |
_aAmbito literario ; _v43 _9180628 |
|
| 852 |
_aES-MaACL _jL-10311 _bR.110833 |
||
| 999 |
_c113574 _d113574 |
||